Statistiques concernant PL Winners

Cliquez ici pour prendre le quiz!

Statistiques générales

  • Ce quiz a été pris 187 fois
  • Le résultat moyen est 89 sur 133

Statistiques - réponses

AnnéePL Winners% Correct
1937 | 1968 | 2012 | +4 othersManchester City
100%
1908 | 1911 | 1952 | +17 othersManchester United
100%
1901 | 1906 | 1922 | +16 othersLiverpool
98%
1955 | 2005 | 2006 | +3 othersChelsea
97%
1931 | 1933 | 1934 | +10 othersArsenal
96%
2016Leicester
93%
1894 | 1896 | 1897 | +4 othersAston Villa
78%
1951 | 1961Tottenham
75%
1891 | 1915 | 1928 | +6 othersEverton
69%
1905 | 1907 | 1909 | 1927Newcastle
68%
1969 | 1974 | 1992Leeds
60%
1978Nottingham Forest
51%
1892 | 1893 | 1895 | +3 othersSunderland
36%
1921 | 1960Burnley
32%
1954 | 1958 | 1959Wolverhampton
30%
1898Sheffield United
21%
1912 | 1914 | 1995Blackburn Rovers
20%
1972 | 1975Derby County
19%
1949 | 1950Portsmouth
11%
1924 | 1925 | 1926Huddersfield
10%
1889 | 1890Preston
10%
1903 | 1904 | 1929 | 1930Sheffield Wednesday
10%
1962Ipswich
9%
1920West Bromwich Albion
7%
1916 | 1917 | 1918 | +8 others-
2%

Distribution des résultats

Percentile par nombre de réponses

% des personnes avec chaque résultat

Votre développement - résultats

Vous n’avez pas pris ce quiz